<?xml version="1.0" encoding="UTF-8"?>
<record
    xmlns:xsi="http://www.w3.org/2001/XMLSchema-instance"
    xsi:schemaLocation="http://www.loc.gov/MARC21/slim http://www.loc.gov/standards/marcxml/schema/MARC21slim.xsd"
    xmlns="http://www.loc.gov/MARC21/slim">

  <leader>02695cam a2200361 i 4500</leader>
  <controlfield tag="001">17984339</controlfield>
  <controlfield tag="003">EG-ScBUE</controlfield>
  <controlfield tag="005">20260511115111.0</controlfield>
  <controlfield tag="008">131226t2014    oncad  f b    001 0 eng d</controlfield>
  <datafield tag="020" ind1=" " ind2=" ">
    <subfield code="a">9781771880190</subfield>
  </datafield>
  <datafield tag="040" ind1=" " ind2=" ">
    <subfield code="a">DLC</subfield>
    <subfield code="b">eng</subfield>
    <subfield code="e">rda</subfield>
    <subfield code="c">DLC</subfield>
    <subfield code="d">EG-ScBUE</subfield>
  </datafield>
  <datafield tag="082" ind1="0" ind2="4">
    <subfield code="2">22</subfield>
    <subfield code="a">570.285</subfield>
    <subfield code="b">BIO</subfield>
  </datafield>
  <datafield tag="245" ind1="0" ind2="0">
    <subfield code="a">Bioinformatics :</subfield>
    <subfield code="b">the impact of accurate quantification on proteomic and genetic analysis and research /</subfield>
    <subfield code="c">edited by Yu Liu, Ph.D.</subfield>
  </datafield>
  <datafield tag="264" ind1=" " ind2="1">
    <subfield code="a">Oakvill, Ontario ; </subfield>
    <subfield code="a">Waretown : </subfield>
    <subfield code="b">Apple Academic Press,</subfield>
    <subfield code="c">[2014]</subfield>
  </datafield>
  <datafield tag="264" ind1=" " ind2="4">
    <subfield code="c">c2014</subfield>
  </datafield>
  <datafield tag="300" ind1=" " ind2=" ">
    <subfield code="a">xxv, 384 pages :</subfield>
    <subfield code="b">illustrations ;</subfield>
    <subfield code="c">24 cm</subfield>
  </datafield>
  <datafield tag="336" ind1=" " ind2=" ">
    <subfield code="2">rdacontent</subfield>
    <subfield code="a">text </subfield>
    <subfield code="b">txt </subfield>
  </datafield>
  <datafield tag="337" ind1=" " ind2=" ">
    <subfield code="2">rdamedia</subfield>
    <subfield code="a">unmediated </subfield>
    <subfield code="b">n</subfield>
  </datafield>
  <datafield tag="338" ind1=" " ind2=" ">
    <subfield code="2">rdacarrier</subfield>
    <subfield code="a">volume </subfield>
    <subfield code="b">nc</subfield>
  </datafield>
  <datafield tag="504" ind1=" " ind2=" ">
    <subfield code="a">Includes bibliographical references and index.
</subfield>
  </datafield>
  <datafield tag="505" ind1=" " ind2=" ">
    <subfield code="a">Introduction; Part I: RNA-Seq; Chapter 1: The Bench Scientist's Guide to Statistical Analysis of RNA-Seq Data; Chapter 2: Assembly of Non-Unique Insertion Content Using Next-Generation Sequencing; Chapter 3: RSEM: Accurate Transcript Quantification from RNA-Seq Data With or Without a Reference Genome; Part II: Microarray; Chapter 4: A Regression System for Estimation of Errors Introduced by Confocal Imaging into Gene Expression Data in Situ.
	Chapter 5: SPACE: An Algorithm to Predict and Quantify Alternatively Spliced Isoforms Using MicroarraysChapter 6: Link-Based Quantitative Methods to Identify Differentially Coexpressed Genes and Gene Pairs; Chapter 7: Dimension Reduction with Gene Expression Data Using Targeted Variable Importance Measurement; Part III: GWAS; Chapter 8: Genome-Wide Association Study of Stevens-Johnson Syndrome and Toxic Epidermal Necrolysis in Europe; Chapter 9: Genotyping Common and Rare Variation Using Overlapping Pool Sequencing.
	Chapter 10: Learning Genetic Epistasis Using Bayesian Network Scoring CriteriaChapter 11: Combined Analysis of Three Genome-Wide Association Studies on vWF and FVIII Plasma Levels; Part IV: Proteomics; Chapter 12: Statistical Methods for Quantitative Mass Spectrometry Proteomic Experiments with Labeling; Chapter 13: MRCQuant: An Accurate LC-MS Relative Isotopic Quantification Algorithm on TOF Instruments; Author Notes.</subfield>
  </datafield>
  <datafield tag="650" ind1=" " ind2="7">
    <subfield code="2">BUEsh</subfield>
    <subfield code="9">39275</subfield>
    <subfield code="a">Bioinformatics</subfield>
    <subfield code="x">Statistical methods.</subfield>
  </datafield>
  <datafield tag="650" ind1=" " ind2="7">
    <subfield code="2">BUEsh</subfield>
    <subfield code="9">12933</subfield>
    <subfield code="a">Computational biology</subfield>
    <subfield code="x">methods.</subfield>
  </datafield>
  <datafield tag="650" ind1=" " ind2="7">
    <subfield code="2">BUEsh</subfield>
    <subfield code="9">39276</subfield>
    <subfield code="a">Sequence Analysis, RNA.</subfield>
  </datafield>
  <datafield tag="650" ind1=" " ind2="7">
    <subfield code="9">39277</subfield>
    <subfield code="a">Data Interpretation, Statistical.</subfield>
    <subfield code="2">BUEsh</subfield>
  </datafield>
  <datafield tag="650" ind1=" " ind2="7">
    <subfield code="9">39278</subfield>
    <subfield code="a">Microarray Analysis</subfield>
    <subfield code="2">BUEsh</subfield>
  </datafield>
  <datafield tag="650" ind1=" " ind2="7">
    <subfield code="9">39279</subfield>
    <subfield code="a">Proteome </subfield>
    <subfield code="x">analysis.</subfield>
    <subfield code="2">BUEsh</subfield>
  </datafield>
  <datafield tag="651" ind1=" " ind2=" ">
    <subfield code="2">BUEsh</subfield>
  </datafield>
  <datafield tag="653" ind1=" " ind2=" ">
    <subfield code="b">PPhrm</subfield>
    <subfield code="c">February2016</subfield>
  </datafield>
  <datafield tag="655" ind1=" " ind2=" ">
    <subfield code="v">Reading book</subfield>
  </datafield>
  <datafield tag="700" ind1="1" ind2=" ">
    <subfield code="9">39280</subfield>
    <subfield code="a">Liu, Yu</subfield>
    <subfield code="d">1963-</subfield>
    <subfield code="e">editor.</subfield>
  </datafield>
  <datafield tag="942" ind1=" " ind2=" ">
    <subfield code="2">ddc</subfield>
    <subfield code="c">BB</subfield>
  </datafield>
  <datafield tag="999" ind1=" " ind2=" ">
    <subfield code="c">20025</subfield>
    <subfield code="d">19997</subfield>
  </datafield>
  <datafield tag="952" ind1=" " ind2=" ">
    <subfield code="0">0</subfield>
    <subfield code="1">0</subfield>
    <subfield code="2">ddc</subfield>
    <subfield code="4">0</subfield>
    <subfield code="7">0</subfield>
    <subfield code="8">Alahram</subfield>
    <subfield code="a">MAIN</subfield>
    <subfield code="b">MAIN</subfield>
    <subfield code="c">1ST</subfield>
    <subfield code="d">2015-06-29</subfield>
    <subfield code="e">Purchase</subfield>
    <subfield code="g">1026.00</subfield>
    <subfield code="h">307</subfield>
    <subfield code="l">0</subfield>
    <subfield code="o">570.285 BIO</subfield>
    <subfield code="p">000039208</subfield>
    <subfield code="r">2025-07-15 00:00:00</subfield>
    <subfield code="v">1282.50</subfield>
    <subfield code="y">BB</subfield>
  </datafield>
</record>
